000 00507nam a2200181Ia 4500
001 23447
005 20260414150937.0
008 260414t2012||||xx |||||||||||||| ||spa||
041 _aESP
082 _a650.01513
_bL27
100 _aLasa Crespo, Alcides José
_eAUT
245 0 _aMatemáticas de las operaciones financieras :
_baplicación e introducción a los pagos contingentes
260 _c2012
300 _a288 páginas :
_c23 cm.
650 _aGEN
654 _aCCO
942 _cLIB
_dJUS
_fJUS
_2ddc
_n
999 _c23447
_d23447